[Event "St Ingbert op"]
[Site "St Ingbert"]
[Date "2001.??.??"]
[Round "6"]
[White "Berrang, Gerrit"]
[Black "Scheuermann, Gerhard"]
[Result "1-0"]
[WhiteElo "2226"]
[BlackElo "2133"]
[PlyCount "81"]
[EventDate "2001.08.??"]
[EventType "swiss"]
[EventRounds "9"]
[EventCountry "GER"]
[SourceTitle "EXT 2002"]
[Source "ChessBase"]
[SourceDate "2001.11.25"]
[SourceVersion "1"]
[SourceVersionDate "2001.11.25"]
[SourceQuality "1"]

1. e4 e5 2. Nf3 Nf6 3. Bc4 Nxe4 4. Nc3 Nxc3 5. dxc3 f6 6. Nh4 g6 7. f4 e4 8. f5 c6 9. fxg6 d5 10. Qh5 Kd7 11. Bf4 Qe7 12. Nf5 hxg6 13. Qxh8 gxf5 14. 0-0-0 Ke8 15. Be2 Be6 16. h4 Qg7 17. Qxg7 Bxg7 18. Rdg1 Nd7 19. g4 fxg4 20. Bxg4 Bxg4 21. Rxg4 Kf7 22. Rhg1 Bh8 23. h5 f5 24. Rg6 Nf6 25. R6g5 Nh7 26. Rg6 Nf6 27. h6 Ng4 28. Rd6 Re8 29. Rd7+ Re7 30. Rxe7+ Kxe7 31. Kd2 c5 32. Rh1 d4 33. cxd4 cxd4 34. h7 Kf6 35. Rh5 Kg6 36. Rg5+ Kxh7 37. Rxf5 Nf6 38. Rb5 b6 39. Be5 Kg6 40. Bxd4 e3+ 41. Ke2 1-0

[Event "St Ingbert op"]
[Site "St Ingbert"]
[Date "2001.??.??"]
[Round "2"]
[White "Scheuermann, Gerhard"]
[Black "Pirrot, Dieter"]
[Result "0-1"]
[WhiteElo "2133"]
[BlackElo "2445"]
[PlyCount "38"]
[EventDate "2001.08.??"]
[EventType "swiss"]
[EventRounds "9"]
[EventCountry "GER"]
[SourceTitle "EXT 2002"]
[Source "ChessBase"]
[SourceDate "2001.11.25"]
[SourceVersion "1"]
[SourceVersionDate "2001.11.25"]
[SourceQuality "1"]

1. e4 e5 2. f4 exf4 3. Nf3 g5 4. h4 g4 5. Ne5 Nf6 6. Bc4 Qe7 7. d4 d6 8. Nd3 Qxe4+ 9. Qe2 Qxe2+ 10. Kxe2 Nc6 11. Nxf4 Nxd4+ 12. Kd3 c5 13. Re1+ Kd8 14. Na3 Bf5+ 15. Kd2 Ne4+ 16. Rxe4 Bxe4 17. c3 Ne6 18. Bxe6 fxe6 19. Nxe6+ Kd7 0-1

[Event "St Ingbert op"]
[Site "St Ingbert"]
[Date "2000.07.24"]
[Round "3"]
[White "Gnichtel, Gerd"]
[Black "Scheuermann, Gerhard"]
[Result "1/2-1/2"]
[WhiteElo "2246"]
[BlackElo "2143"]
[PlyCount "22"]
[EventDate "2000.07.22"]
[EventType "swiss"]
[EventRounds "9"]
[EventCountry "GER"]
[SourceTitle "EXT 2001"]
[Source "ChessBase"]
[SourceDate "2000.11.22"]
[SourceVersion "1"]
[SourceVersionDate "2000.11.22"]
[SourceQuality "1"]

1. d4 c5 2. d5 Nf6 3. c4 b5 4. cxb5 a6 5. Nc3 axb5 6. e4 b4 7. Nb5 d6 8. Bf4 e5 9. dxe6 Bxe6 10. Nxd6+ Bxd6 11. Bxd6 Nxe4 1/2-1/2